|
|
|
|
| LEADER |
00000nam0a2200000 4500 |
| 001 |
330057 |
| 005 |
20231102004225.0 |
| 035 |
|
|
|a (RuTPU)RU\TPU\book\355830
|
| 090 |
|
|
|a 330057
|
| 100 |
|
|
|a 20170328d1967 km y0rusy50 ca
|
| 101 |
1 |
|
|a rus
|c eng
|
| 102 |
|
|
|a RU
|
| 105 |
|
|
|a a z 001zy
|
| 200 |
1 |
|
|a Теория информации и статистика
|e пер. с англ.
|f С. Кульбак
|g под ред. А. Н. Колмогорова
|
| 210 |
|
|
|a Москва
|c Наука
|d 1967
|
| 215 |
|
|
|a 408 с.
|c ил.
|
| 320 |
|
|
|a Алфавитный указатель: с. 404-408
|
| 606 |
1 |
|
|a Информации теория
|2 stltpush
|3 (RuTPU)RU\TPU\subj\12892
|9 39595
|
| 610 |
1 |
|
|a информация
|
| 610 |
1 |
|
|a статистика
|
| 610 |
1 |
|
|a свойства
|
| 610 |
1 |
|
|a неравенства
|
| 610 |
1 |
|
|a полиномиальные популяции
|
| 610 |
1 |
|
|a сопряженность
|
| 610 |
1 |
|
|a линейные гипотезы
|
| 610 |
1 |
|
|a многомерный анализ
|
| 610 |
1 |
|
|a дискриминантные функции
|
| 675 |
|
|
|a 621.391
|v 4
|
| 700 |
|
1 |
|a Кульбак
|b С.
|g Соломон
|
| 702 |
|
1 |
|a Колмогоров
|b А. Н.
|4 340
|
| 801 |
|
1 |
|a RU
|b 63413507
|c 20170328
|
| 801 |
|
2 |
|a RU
|b 63413507
|c 20170403
|g RCR
|
| 942 |
|
|
|c BK
|